Statistiques concernant Préfectures et sous-préfectures commençant par la lettre E

Cliquez ici pour prendre le quiz!

Statistiques générales

  • Ce quiz a été pris 32 fois
  • Le résultat moyen est 3 sur 5

Statistiques - réponses

Préf/Sous-préf.% Correct
Évry-Courcouronnes
90%
Évreux
86%
Épinal
76%
Épernay
38%
Étampes
38%

Distribution des résultats

Percentile par nombre de réponses

% des personnes avec chaque résultat

Votre développement - résultats

Vous n’avez pas pris ce quiz